000
00267nam a22001217a 4500
008
181019b xxu||||| |||| 00| 0 eng d
041
_a
eng
080
_a
616-053.2
100
_a
8
101
_a
PED
245
_a
The Pediatric Spine
_c
Bradford, D.S
942
_2
udc
_c
BK
999
_c
50295
_d
50295